| 000 | 00992nam a2200265 a 4500 | ||
|---|---|---|---|
| 001 | 51248 | ||
| 003 | BD-RjUL | ||
| 005 | 20211209075630.0 | ||
| 008 | 161117s1961 enka 000 0 eng | ||
| 035 |
_aOCLC ocm00236891 from D970916M _a(BD-RjUL)51368 |
||
| 040 |
_aDLC _cWOO _dOCL _dSER _dOCL _dBD-RjUL _beng |
||
| 041 | 1 |
_aeng _hpol |
|
| 082 |
_223 _a515.43 _bHAT 1961 |
||
| 100 | 1 |
_aHartman, Stanisław. _9153310 |
|
| 245 | 0 | 4 |
_aThe theory of Lebesgue measure and integration / _cby S. Hartman and J. Mikusiński. |
| 250 | _a English : Enl. ed. | ||
| 260 |
_aOxford ; _aNew York : _bPergamon Press, _c1961 |
||
| 300 |
_a176 p.: _bill. ; _c23 cm. |
||
| 490 | 1 |
_aInternational series of monographs on pure and applied mathematics, _vv. 15 |
|
| 650 | 0 |
_aIntegrals, Generalized. _9151799 |
|
| 700 | 1 |
_aMikusiński, Jan. _9153311 |
|
| 740 | 0 | 1 | _aLebesgue measure and integration. |
| 830 | 0 |
_aInternational series of monographs in pure and applied mathematics ; _vv. 15. _9207937 |
|
| 942 |
_2ddc _cBK |
||
| 999 |
_c51248 _d51248 |
||